| Tag |
First Indicator |
Second Indicator |
Subfields |
| LEADER |
00000cam a2200000Ia 4500 |
| 001 |
in00002261921 |
| 005 |
20190326185055.0 |
| 006 |
m | d | |
| 007 |
cr |n||||||||n |
| 008 |
871008s1810 xx bf s 000 0 eng d |
| 040 |
|
|
|a TXA
|c GKR
|d OCL
|d Thomson Gale
|d UtOrBLW
|
| 043 |
|
|
|a e-uk-en
|
| 100 |
1 |
|
|a Allnutt, Zach.
|q (Zachariah)
|
| 245 |
1 |
0 |
|a Useful and correct accounts of the navigation of the rivers and canals west of London :
|b comprising important and interesting particulars of information : with tables of distances, time of navigating, and prices of carriage, on each river and canal ...
|
| 250 |
|
|
|a 2nd. ed.
|b much improved / by Mr. Z. Allnutt.
|
| 264 |
|
3 |
|a Henley :
|b Printed for the author,
|c [1810]
|
| 300 |
|
|
|a 20 pages, 1 unnumbered folded leaf of plates :
|b 1 map ;
|c 21 cm.
|
| 336 |
|
|
|a text
|b txt
|2 rdacontent
|
| 337 |
|
|
|a computer
|b c
|2 rdamedia
|
| 338 |
|
|
|a online resource
|b cr
|2 rdacarrier
|
| 500 |
|
|
|a Reproduction of original from Kress Library of Business and Economics, Harvard University.
|
| 500 |
|
|
|a Goldsmiths'-Kress number 20144.1.
|
| 510 |
4 |
|
|a OCLC,
|c 16827003
|
| 533 |
|
|
|a Electronic reproduction.
|b Farmington Hills, Mich. :
|c Thomson Gale,
|d 2005.
|f (The making of the modern world).
|n Available via the World Wide Web.
|n Access limited to licensing agreements.
|7 s2005 miunns
|
| 500 |
|
|
|a Electronic resource.
|
| 650 |
|
0 |
|a Rivers
|z England.
|
| 650 |
|
0 |
|a Canals
|z England.
|
| 655 |
|
0 |
|a Electronic books.
|
| 830 |
|
0 |
|a Making of the modern world (Goldsmiths'-Kress Library of Economic Literature)
|
| 856 |
4 |
0 |
|u http://proxy.library.tamu.edu/login?url=http://galenet.galegroup.com/servlet/MOME?af=RN&ae=U103050901&srchtp=a&ste=14&locID=txshracd2898
|z Connect to the full text of this electronic book
|t 0
|
| 999 |
|
|
|a MARS
|
| 999 |
f |
f |
|s c6a7a30b-1b15-3ce6-9df0-e4f77450bed3
|i b3e6a74d-2d24-35cf-89d8-7fc794ca9d1c
|t 0
|
| 952 |
f |
f |
|a Texas A&M University
|b College Station
|c Electronic Resources
|d Available Online
|t 0
|h No information provided
|
| 998 |
f |
f |
|t 0
|l Available Online
|